000
00254nam a22001217a 4500
040
_c
SY
082
_a
382
100
_a
CHAY KONGKRUY
245
_a
Agricultural trade liberalization
260
_a
RUA
_b
CHAY KONGKRUY
_c
2012
300
_a
73p.
942
_c
KB
999
_c
8794
_d
8794